Philippe Etchebest - Statistiques

Statistiques générales
  • Ce quiz a été pris 37 fois
  • Le résultat moyen est 6 sur 14
Statistiques - réponses
Hint Réponse % Correct
Métier principal Cuisinier
83%
Emission secondaire Top Chef
80%
Emission principale Cauchemar en cuisine
77%
Année de naissance 1966
70%
Ville de ses restaurants Bordeaux
67%
Instrument qu'il joue Batterie
63%
Style musical Rock
57%
Titre honorifique francais MOF
43%
Région de naissance Hauts de france
23%
Sports qu'il pratique Rugby Boxe
13%
Métier secondaire Animateur télé
10%
Nom de son groupe de musique Chef and the gang
7%
Concept auquel il a participé avec mcfly et carlito Mix and Twist
7%
Celebre meme sur internet tiré de son émission principale Oh merde oh c'est con ca
7%
Aucun quiz correspondant
Distribution des résultats
% des personnes avec chaque résultat
Percentile par nombre de réponses
Votre historique - résultats
Vous n’avez pas pris ce quiz